Viceguvernér Národnej banky Slovenska Jozef Mudrík pre Pravdu: Nezopakujme české chyby

Bibliographic Details
Other Authors: Tvaroška, Vladimír (Interviewer)
Format: Article
Language:Slovak
PhysicalDescription:Fotogr. 1
Subjects:

MARC

LEADER 00000nab a2200000 a 4500
001 vtls000599598
003 SK-MaSNL
005 20260426103007.0
008 180320c1996 xo 0 slo
015 |a SNBRB19rr/mm-uuuuu 
035 |a CL0599737 
040 |a SNKBUCL  |b slo  |c SNKBUCL  |e AACR2 
041 0 |a slo 
044 |a xo  |c SK 
080 |a 336.71(437.1/.2):336.71(437.6)  |2 1981 
080 |a 336.71(437.6)  |2 1981 
100 1 |a Mudrík, Jozef,  |d 1934-2021  |4 ive  |9 206388 
245 1 0 |a Viceguvernér Národnej banky Slovenska Jozef Mudrík pre Pravdu: Nezopakujme české chyby  |c Jozef Mudrík, Vladimír Tvaroška 
300 |b Fotogr. 1 
610 2 7 |a Národná banka Slovenska  |2 snkbucl  |9 14536 
650 0 7 |a bankovníctvo  |2 snkbucl  |9 2101 
651 7 |a Slovensko  |2 snkbucl  |9 14231 
655 7 |a články z novín a časopisov  |2 snkbucl  |9 267496 
700 1 |a Tvaroška, Vladimír  |4 ivr  |9 792358 
773 0 |t Pravda  |g Roč. 6, č. 231 (3. 10. 1996), s. 1 a 4 
850 |a Slovenská národná knižnica v Martine  |a MTA001 
852 |a SNK  |b KIS3GCP 
958 |a RK 
958 |a CZ 
958 |a SK 
992 |a RBX 
999 |c 3272780  |d 3274710